Who Directed These Films? - Statistics

General Stats
  • This quiz has been taken 68 times
  • The average score is 138 of 500
Answer Stats
Film Answer % Correct
The Conversation, The Godfather Francis Ford Coppola
88%
The Abyss, Titanic, The Terminator James Cameron
88%
Mean Streets, The Age of Innocence Martin Scorsese
88%
The Virgin Suicides, Lost in Translation Sofia Coppola
88%
The Grand Budapest Hotel, Moonrise Kingdom Wes Anderson
88%
Tenet, Batman Begins, Dunkirk Christopher Nolan
83%
Pulp Fiction, Inglorious Basterds Quentin Tarantino
83%
Alien, Gladiator, Blade Runner Ridley Scott
83%
2001, The Shining, Fear and Desire Stanley Kubrick
83%
Jaws, ET, 1941 Steven Spielberg
83%
Gran Torino, Million Dollar Baby Clint Eastwood
79%
THX 1138, American Graffiti, Star Wars George Lucas
79%
Hacksaw Ridge, Apocalypto, Braveheart Mel Gibson
79%
A Beautiful Mind, Apollo 13, Backdraft Ron Howard
79%
American Beauty, Road to Perdition, 1917 Sam Mendes
79%
The 39 Steps, Vertigo, Secret Agent Alfred Hitchcock
75%
127 Hours, 28 Days Later, Trainspotting Danny Boyle
75%
Se7en, Fight Club, Alien 3 David Fincher
75%
Platoon, Natural Born Killers Oliver Stone
75%
Boogie Nights, Magnolia, Punch Drunk Love Paul Thomas Anderson
75%
Alien Vs Predator, Event Horizon Paul W. S. Anderson
75%
Beetlejuice, Corpse Bride Tim Burton
75%
Top Gun, True Romance, The Hunger Tony Scott
75%
Rashomon, Seven Samurai, Ikiru Akira Kurosawa
71%
Life of Pi, Crouching Tiger Hidden Dragon Ang Lee
71%
Blue Velvet, Wild at Heart, The Elephant Man David Lynch
71%
The Thing, Assault on Precinct 13, Halloween John Carpenter
71%
The Producers, Blazing Saddles, Young Frankenstein Mel Brooks
71%
Logan's Run, Orca, The Dam Busters Michael Anderson
71%
Bad Taste, The Lord of the Rings Peter Jackson
71%
Chinatown, The Pianist Roman Polanski
71%
Darkman, Evil Dead, Spider Man Sam Raimi
71%
Do the Right Thing, Malcolm X, Jungle Fever Spike Lee
71%
Lost in America Albert Brooks
67%
The Searchers, Stagecoach, Fort Apache John Ford
67%
A Touch of Zen, Dragon Inn King Hu
67%
Cure, Pulse, Tokyo Sonata Kiyoshi Kurosawa
67%
Threads, The Bodyguard, Volcano Mick Jackson
67%
Amadeus, One Flew Over the Cuckoos Nest Milos Forman
67%
In Cold Blood, Cat on a Hot Tin Roof Richard Brooks
67%
Death Becomes Her, Back to the Future Robert Zemeckis
67%
A Fistful of Dollars, The Colossus of Rhodes Sergio Leone
67%
12 Angry Men, Serpico, Network Sidney Lumet
67%
Annie Hall, Manhattan, Sleeper Woody Allen
67%
Birdman, Amores Perros, 21 Grams Alejandro González Iñárritu
63%
Argo, Air Ben Affleck
63%
The Untouchables, Carrie, Dressed to Kill Brian De Palma
63%
Modern Times, City Lights Charlie Chaplin
63%
Black Swan, Requiem for a Dream, Mother! Darren Aronofsky
63%
8 1/2, Roma, La Dolce Vita Federico Fellini
63%
It's a Wonderful Life, It Happened One Night Frank Capra
63%
Metropolis, Spies, M Fritz Lang
63%
Pan's Labyrinth, The Shape of Water Guillermo del Toro
63%
Super 8, The Force Awakens J.J. Abrams
63%
Citizen Kane, The Stranger, Othello Orson Welles
63%
Gandhi, A Bridge Too Far, Magic Richard Attenborough
63%
Being John Malkovich, Her, Adaptation Spike Jonze
63%
Reds, Bulworth, Dick Tracy Warren Beatty
63%
Zoolander, Tropic Thunder Ben Stiller
58%
Some Like It Hot, Sabrina, The Apartment Billy Wilder
58%
Parasite, The Host, Snowpiercer Bong Joon-Ho
58%
Lawrence of Arabia, Brief Encounter, Blithe Spirit David Lean
58%
Barbie, Little Women Greta Gerwig
58%
The African Queen, The Maltese Falcon John Huston
58%
Point Break, The Hurt Locker Kathryn Bigelow
58%
Ordinary People, Quiz Show Robert Redford
58%
Children of Men Alfonso Cuarón
54%
All That Jazz, Cabaret Bob Fosse
54%
Home Alone, Harry Potter and the Philosopher's Stone Chris Columbus
54%
Dune, Prisoners, Arrival Denis Villeneuve
54%
On the Waterfront, East of Eden Elia Kazan
54%
The Shawshank Redemption, The Green Mile Frank Darabont
54%
Mad Max George Miller
54%
Clerks, Tusk, Dogma Kevin Smith
54%
Léon, The Big Blue, Lucy Luc Besson
54%
Mildred Pierce, Casablanca Michael Curtiz
54%
The Monster, Life Is Beautiful Roberto Benigni
54%
Battleship Potemkin, Strike Sergei Eisenstein
54%
Ocean's Eleven, Logan Lucky, Che Steven Soderbergh
54%
The Thin Red Line, Badlands, A Hidden Life Terrence Malick
54%
Fargo, Burn After Reading, Barton Fink The Coen Brothers
54%
Scream, The Hills Have Eyes Wes Craven
54%
The Exorcist, Sorcerer, The French Connection William Friedkin
54%
Possession, Infinity Pool Brandon Cronenberg
50%
The Jerk, The Man with Two Brains Carl Reiner
50%
Whiplash, La La Land Damien Chazelle
50%
Scanners, The Fly, The Brood David Cronenberg
50%
The 400 Blows, Jules and Jim Francois Truffaut
50%
Hell's Angels, The Outlaw Howard Hughes
50%
Persona, The Seventh Seal Ingmar Bergman
50%
Breathless, Alphaville, Vivre sa Vie Jean-Luc Godard
50%
The Breakfast Club, Weird Science John Hughes
50%
The Blues Brothers, An American Werewolf in London John Landis
50%
Hard Boiled, A Better Tomorrow John Woo
50%
The Silence of the Lambs, Philadelphia Jonathan Demme
50%
The Big Boss, Fist of Fury Lo Wei
50%
The Village, The Sixth Sense M. Night Shyamalan
50%
Bad Education, Talk to Her, The Skin that I Live In Pedro Almodovar
50%
The Long Goodbye, The Player, M*A*S*H Robert Altman
50%
Stand By Me, When Harry Met Sally, Misery Rob Reiner
50%
12 Years a Slave, Hunger, Shame Steve McQueen
50%
Out of Africa, Tootsie, Random Hearts Sydney Pollack
50%
Brazil, 12 Monkeys, Time Bandits Terry Gilliam
50%
Gone with the Wind, The Wizard of Oz Victor Fleming
50%
300, Watchhmen Zack Snyder
50%
Good Morning Vietnam, Rain Main, Wag the Dog Barry Levinson
46%
The Usual Suspects, X-Men Bryan Singer
46%
Dirty Rotten Scoundrels, Little Shop of Horrors Frank Oz
46%
My Own Private Idaho, Good Will Hunting Gus Van Sant
46%
Spirited Away, Porco Rosso Hayao Miyazaki
46%
The Rock, Armageddon Michael Bay
46%
Funny Games, Amour, The Piano Teacher Michael Haneke
46%
Heat, Collateral, Thief Michael Mann
46%
The Graduate, Closer, Who's Afraid of Virginia Wolf? Mike Nichols
46%
Starship Troopers, Robocop, Basic Instinct Paul Verhoeven
46%
The Truman Show, Dead Poet's Society Peter Weir
46%
Boyhood, Before Sunrise, Slacker Richard Linklater
46%
Planet Terror, From Dusk Til Dawn Robert Rodriguez
46%
Rocky II, Paradise Alley, The Expendables Sylvester Stallone
46%
Hunt for the Wilderpeople, Jojo Rabbit, Boy Taika Waititi
46%
Life of Brian, The Holy Grail, The Meaning of Life Terry Jones
46%
Joker, The Hangover Todd Phillips
46%
Fitzcarraldo, Stroszek, Aguirre Wrath of God Werner Herzog
46%
Ben-Hur, Roman Holiday, The Big Country William Wyler
46%
2046, Fallen Angels Wong Kar Wai
46%
The Naked Spur, Winchester '73 Anthony Mann
42%
Sherlock Jr, The General, The Cameraman Buster Keaton
42%
The Third Man, Oliver! Carol Reed
42%
Easy Rider, The Last Movie, Out of the Blue Dennis Hopper
42%
Birth of a Nation, Intolerance DW Griffith
42%
The Sting, Butch Cassidy and the Sundance Kid George Roy Hill
42%
Ghost Dog, Mystery Train, Down by Law Jim Jarmusch
42%
Chef, Iron Man Jon Favreau
42%
The Cremator, Morgiana Juraj Herz
42%
The House that Jack Built, Dogville Lars von Trier
42%
Heaven's Gate, The Deer Hunter Michael Cimino
42%
Blow-Up, La Notte, The Passenger Michelangelo Antonioni
42%
Paper Moon, The Last Picture Show Peter Bogdanovich
42%
The Goonies, The Omen, Lethal Weapon Richard Donner
42%
Independence Day, 2012, Stargate Roland Emmerich
42%
All the President's Men, Klute, The Parallax View Alan J. Pakula
38%
Little Big Man, Bonnie and Clyde Arthur Penn
38%
The Pink Panther, Breakfast at Tiffany's Blake Edwards
38%
The Ten Commandments, The Greatest Show on Earth Cecil B. DeMille
38%
Silver Linings Playbook, American Hustle David O. Russell
38%
Plan 9 from Outer Space, Bride of the Monster Edward D. Wood Jr.
38%
Nosferatu, Tabu F. W. Murnau
38%
Shane, Giant, Vivacious Lady George Stevens
38%
Rango, Pirates of the Caribbean Gore Verbinski
38%
Coffy, Foxy Brown Jack Hill
38%
The Disaster Artist James Franco
38%
Juno, Thank You for Smoking Jason Reitman
38%
Rocky, The Karate Kid, Joe John G. Avildsen
38%
Die Hard, Predator, Last Action Hero John McTiernan
38%
Pink Flamingos, Multiple Maniacs John Waters
38%
Get Out, Us, Nope Jordan Peele
38%
All About Eve, Sleuth, Guys and Dolls Joseph L. Mankiewicz
38%
Kes, I Danny Blake Ken Loach
38%
Big, Awakenings Penny Marshall
38%
About Time, Love Actually Richard Curtis
38%
Straw Dogs, The Wild Bunch Sam Peckinpah
38%
The Pledge, Into the Wild Sean Penn
38%
Another Round, The Hunt, Festen Thomas Vinterberg
38%
The Warriors, The Driver, Southern Comfort Walter Hill
38%
Wings of Desire, Paris Texas, The American Friend Wim Wenders
38%
Tokyo Story, Late Spring Yasujirō Ozu
38%
Ex Machina, Civil War, Annihilation Alex Garland
33%
Mirror, Stalker, The Sacrifice Andrei Tarkovsky
33%
Moulin Rouge, Elvis Baz Luhrmann
33%
The Conformist, 1900 Bernardo Bertolucci
33%
Ordet, The Passion of Joan of Ark, Vampyr Carl Theodor Dreyer
33%
Night of the Living Dead, Martin, The Crazies George A. Romero
33%
Ghostbusters, Stripes, Twins Ivan Reitman
33%
Saw James Wan
33%
The Piano, An Angel at My Table Jane Campion
33%
The City of Lost Children, Amelie Jean-Pierre Jeunet
33%
The Rules of the Game, Grand Illusion Jean Renoir
33%
A Woman Under the Influence, Faces John Cassavetes
33%
Election, Drug War, Exiled Johnnie To
33%
Midnight Cowboy, Marathon Man, Billy Liar John Schlesinger
33%
Altered States, The Devils, Tommy Ken Russell
33%
God Told Me To, The Stuff, Q Larry Cohen
33%
Hamlet, Richard III, Henry V Laurence Olivier
33%
Belle de Jour, The Exterminating Angel Luis Buñuel
33%
Naked, Topsy-Turvey, Meantime Mike Leigh
33%
A Man Escaped, Pickpocket Robert Bresson
33%
Rome Open City, Journey to Italy Roberto Rossellini
33%
High Fidelity, My Beautiful Laundrette Stephen Frears
33%
The Texas Chainsaw Massacre, Poltergeist Tobe Hooper
33%
Two Women, Bicycle Thieves, Umberto D. Vittorio De Sica
33%
Troy, Das Boot, The Never ending Story Wolfgang Petersen
33%
The Lobster, The Favourite Yorgos Lanthimos
33%
Cleo from 5 to 7, Faces Places, Vagabond Agnes Varda
29%
Election, Sideways, Nebraska Alexander Payne
29%
Midsommar, Hereditary Ari Aster
29%
The Night of the Hunter Charles Laughton
29%
L.A. Confidential Curtis Hanson
29%
Dirty Harry, Escape from Alcatraz, The Shootist Don Siegel
29%
Man with a Movie Camera Dziga Vertov
29%
Adam's Rib, My Fair Lady, The Philadelphia Story George Cukor
29%
Revolver, Snatch Guy Ritchie
29%
Bringing Up Baby, Scarface, Rio Bravo, Hatari Howard Hawks
29%
The Empire Strikes Back, Loving Irvin Kershner
29%
Police Story, Amour of God, Who Am I? Jackie Chan
29%
Mon Oncle, PlayTime Jacques Tati
29%
Gremlins, The Howling Joe Dante
29%
The Great Escape, The Magnificent Seven John Sturges
29%
Three Colours Trilogy, A Short Film About Love Krzysztof Kieslowski
29%
My Life as a Dog, What's Eating Gilbert Grape Lasse Hallström
29%
Au Revoir les Enfants, My Dinner with Andre Louis Malle
29%
Rocco and His Brothers, The Leopard Luchino Visconti
29%
Casino Royale, Vertical Limit Martin Campbell
29%
Seven Psychopaths, In Bruges Martin McDonagh
29%
Johnny Guitar, Rebel Without a Cause Nicholas Ray
29%
Salo, Arabian Nights, Theorem Pier Paolo Pasolini
29%
The Lady Eve, Sullivan's Travels Preston Sturges
29%
The Northman, The Witch, The Lighthouse Robert Eggers
29%
The Big City, The Music Room Satyajit Ray
29%
Charade, Singin' in the Rain, Funny Face Stanley Donen
29%
Uncut Gems The Safdie Brothers
29%
The Matrix, Bound The Wachowski Sisters
29%
Safe, Velvet Goldmine, Carol Todd Haynes
29%
Jeanne Dielman 23 quai du Commerce 1080 Bruxelles Chantal Akerman
25%
Suspiria, Deep Red Dario Argento
25%
To Be or Not to Be, Trouble in Paradise Ernst Lubitsch
25%
High Noon, The Day of the Jackal Fred Zinnemann
25%
A Trip to the Moon Georges Méliès
25%
The Umbrellas of Cherbourg, Donkey Skin, Lola Jacques Demy
25%
Girl Interrupted, Walk the Line James Mangold
25%
Show Boat, Frankenstein, The Invisible Man James Whale
25%
The Ladies Man, The Nutty Professor Jerry Lewis
25%
Ghost, Airplane Jerry Zucker
25%
Scary Movie, White Chicks Keenen Ivory Wayans
25%
Layer Cake, Kiss-Ass Matthew Vaughn
25%
Only God Forgives, Bronson, Drive Nicolas Winding Refn
25%
Oldboy, The Handmaiden, Lady Vengeance Park Chan-wook
25%
Donnie Darko Richard Kelly
25%
Audition, Ichi the Killer Takashi Miike
25%
Violent Cop, Boiling Point, Sonatine Takeshi Kitano
25%
The Loneliness of a Long Distance Runner, Tom Jones! Tony Richardson
25%
Meet Me in St. Louis, An American in Paris Vincente Minnelli
25%
Jacob's Ladder, Fatal Attraction, Flashdance Adrian Lyne
21%
Midnight Express, The Commitments Alan Parker
21%
Werckmeister Harmonies, The Turin Horse Bela Tarr
21%
Beau Travail, Trouble Every Day Claire Denis
21%
Z, Stage of Siege, Missing Costa-Gavras
21%
Yi Yi, A Brighter Summer's Day Edward Yang
21%
Glory, The Last Samurai, Blood Diamond Edward Zwick
21%
Mikey and Nickey, The Heartbreak Kid, A New Leaf Elaine May
21%
Black Cat White Cat, Underground Emir Kusturica
21%
City of God Fernando Meirelles
21%
If, O Lucky Man, This Sporting Life | Papillon, Planet of the Apes, Patton Franklin J. Schaffner
21%
The Last Detail, Being There Hal Ashby
21%
The Gunfighter, The Song of Bernadette Henry King
21%
Orpheus, Beauty and the Beast Jean Cocteau
21%
Le Samourai, Army of Shadows, Le Cercle Rouge Jean-Pierre Melville
21%
Falling Down, The Lost Boys Joel Schumacher
21%
Deliverance, Zardoz, Point Blank John Boorman
21%
Sansho the Bailiff, Ugetsu Kenji Mizoguchi
21%
All Quiet on the Western Front, Ocean's 11 Lewis Milestone
21%
Midnight Run, Scent of a Woman Martin Brest
21%
Westworld, Coma, The Great Train Robbery Michael Crichton
21%
The Red Shoes, Peeping Tom Michael Powell
21%
Death by Hanging, Merry Christmas Mr. Lawrence Nagisa Oshima
21%
Walkabout, Don't Look Now, Bad Timing Nicolas Roeg
21%
Rollerball, Moonstruck, In the Heat of the Night Norman Jewison
21%
Blue Collar, Hardcore, Mishima Paul Schrader
21%
Return of the Jedi, Jagged Edge Richard Marquand
21%
The Day the Earth Stood Still, The Sound of Music Robert Wise
21%
House of 1000 Corpses, 3 From Hell Rob Zombie
21%
Hiroshima Mon Amour, Night and Fog Alain Resnais
17%
Sweet Smell of Success, The Ladykillers Alexander Mackendrick
17%
Repo Man, Walker Alex Cox
17%
Killing Them Softly, The Assassination of Jesse James Andrew Dominik
17%
A Fish Called Wanda, The Lavender Hill Mob Charles Crichton
17%
La Jetee Chris Marker
17%
Le beau Serge, La Cérémonie Claude Chabrol
17%
All That Heaven Allows, Imitation of Life Douglas Sirk
17%
Come and See Elem Klimov
17%
Greed, The Wedding March, Foolish Wives Erich von Stroheim
17%
My Night at Maud's, The Green Ray Eric Rohmer
17%
Cinema Paradiso, The Legend of 1900 Giuseppe Tornatore
17%
Entranced Earth, Black God White Devil Glauber Rocha
17%
Pandora's Box, Westfront 1918 GW Pabst
17%
Coraline, The Nightmare Before Christmas Henry Selick
17%
Grave of the Fireflies, Pom Poko Isao Takahata
17%
Saturday Night Fever, WarGames John Badham
17%
Red Dawn, Conan the Barbarian, Big Wednesday John Milius
17%
Boyz n the Hood John Singleton
17%
Sexy Beast, The Zone of Interest Jonathan Glazer
17%
Duel in the Sun, The Crowd, Stella Dallas King Vidor
17%
An Affair to Remember, The Awful Truth Leo McCarey
17%
Ratcatcher, Morvern Callar Lynne Ramsay
17%
Bay of Blood, Black Sabbath Mario Bava
17%
La Haine Mathieu Kassovitz
17%
The Company of Wolves, The Crying Game Neil Jordan
17%
Laura, Anatomy of a Murder Otto Preminger
17%
The Cook the Thief His Wife & Her Lover Peter Greenaway
17%
Ali: Fear Eats the Soul, World on a Wire Rainer Werner Fassbinder
17%
Wizards, The Lord of the Rings, Cool World Ralph Bakshi
17%
White Heat, The Roaring Twenties Raoul Walsh
17%
Fantastic Voyage, Soylent Green Richard Fleischer
17%
Kramer Vs Kramer Robert Benton
17%
Nanook of the North, Elephant Boy Robert Flaherty
17%
To Kill a Mockingbird Robert Mulligan
17%
Blood and Roses, Barbarella Roger Vadim
17%
The Mission, The Killing Fields Roland Joffé
17%
The Square, Triangle of Sadness Ruben Östlund
17%
Beyond the Valley of the Dolls, Faster Pussycat! Kill! Russ Meyer
17%
Shock Corridor, The Big Red One, White Dog Samuel Fuller
17%
Bone Tomahawk, Brawl in Cell Block 99 S. Craig Zahler
17%
The Florida Project, Red Rocket, Tangerine Sean Baker
17%
Guess Who's Coming To Dinner, Judgment At Nurenberg Stanley Kramer
17%
Dr No, Red Sun, Wait Until Dark Terence Young
17%
Dracula, Freaks, The Unknown Tod Browning
17%
Where Is the Friend's House?, Taste of Cherry Abbas Kiarostami
13%
Napoleon, J'accuse Abel Gance
13%
El Topo, The Holy Mountain Alejandro Jodorowsky
13%
Ashes and Diamonds, A Generation Andrzej Wajda
13%
Withnail & I Bruce Robinson
13%
Jubilee, Caravaggio, Blue Derek Jarman
13%
Straight Outta Compton, Friday F. Gary Gray
13%
Mutiny on the Bounty, Cavalcade Frank Lloyd
13%
The Wages of Fear, Diabolique Henri-Georges Clouzot
13%
Chariots of Fire Hugh Hudson
13%
Céline and Julie Go Boating, La Belle Noiseuse Jacques Rivette
13%
Cat People, I Walked with a Zombie Jacques Tourneur
13%
The Name of the Rose, Seven Years in Tibet Jean-Jacques Annaud
13%
L’Atalante Jean Vigo
13%
My Left Foot, In the Name of the Father Jim Sheridan
13%
Lone Star, Matewan, The Brother from Another Planet John Sayles
13%
Clue, My Cousin Vinny Jonathan Lynn
13%
The Blue Angel, Shanghai Express Josef von Sternberg
13%
The Servant, Figures in a Landscape, Mr Klein Joseph Losey
13%
Room, Frank Lenny Abrahamson
13%
By the Law, The Death Ray Lev Kuleshov
13%
Children of Paradise, Port of Shadows Marcel Carne
13%
Commando, Class of 1984 Mark L. Lester
13%
Harakiri, Kwaiden Masaki Kobayashi
13%
The Earrings of Madame de…, Lola Montès Max Ophuls
13%
The Great Beauty, Youth Paolo Sorrentino
13%
The Right Stuff, The Wanderers Philip Kaufman
13%
A Hard Day's Night Richard Lester
13%
The Dirty Dozen, What Ever Happened to Baby Jane? Robert Aldrich
13%
Dead Man's Shoes, This is England Shane Meadows
13%
Menace II Society, Dead Presidents The Hughes Brothers
13%
Ulysses' Gate, Eternity and a Day Theo Angelopoulos
13%
The Day the Earth Caught Fire, Hell is a City Val Guest
13%
Wings, The Public Enemy, The Ox-Bow Incident William A. Wellman
13%
King of New York, Bad Lieutenant Abel Ferrara
8%
On the Silver Globe, Possession, The Devil Andrzej Żuławski
8%
Uncle Boonmee, Memoria Apichatpong Weerasethakul
8%
Five Easy Pieces, Head, Stay Hungry Bob Rafelson
8%
Where Eagles Dare, Kelly's Heroes Brian G. Hutton
8%
Killer of Sheep, To Sleep with Anger Charles Burnett
8%
Jean de Florette, The Two of Us Claude Berri
8%
Bullet Train, Atomic Blonde David Leitch
8%
The Great Train Robbery, Life of an American Fireman Edwin S. Porter
8%
A Special Day, We All Loved Each Other So Much Ettore Scola
8%
The Raid, Apostle Gareth Evans
8%
Nil by Mouth Gary Oldman
8%
Climax, Enter the Void, Vortex Gaspar Noé
8%
Eyes Without a Face, Judex Georges Franju
8%
Shoplifters, Nobody Knows, Broker Hirokazu Kore-eda
8%
Woman in the Dunes, The Face of Another Hiroshi Teshigahara
8%
Godzilla, Mothra, Rodan Ishirō Honda
8%
Le Trou Jacques Becker
8%
Moi un Noir, Chronicle of a Summer Jean Rouch
8%
The Guns of Navarone, Cape Fear J. Lee Thompson
8%
Seconds, Grand Prix, The Train John Frankenheimer
8%
The Towering Inferno, Death on the Nile John Guillermin
8%
Rififi, Naked City, Brute Force Jules Dassin
8%
Tampopo, The Funeral Jūzō Itami
8%
The Spy Who Came in from the Cold, Hud Martin Ritt
8%
Sweet Sweetback's Badass Song, Watermelon Man Melvin Van Peebles
8%
Flash Gordon, Get Carter, The Terminal Man Mike Hodges
8%
When a Woman Ascends the Stairs, Yearning Mikio Naruse
8%
Two-Lane Blacktop, The Shooting, Cockfighter Monte Hellman
8%
The Blackcoat's Daughter, Longlegs Osgood Perkins
8%
Krull, Bullitt, Breaking Away Peter Yates
8%
Grease, The Blue Lagoon Randal Kleiser
8%
I Married a Witch, Le Million René Clair
8%
Enter the Dragon, Game of Death Robert Clouse
8%
The Hustler, Body and Soul, All the King's Men Robert Rossen
8%
Orlac's Hands, Dr. Caligari Robert Wiene
8%
A Bucket of Blood, The Wasp Woman Roger Corman
8%
Perfect Blue, Paprika Satoshi Kon
8%
The Colour of Pomegranates Sergei Parajanov
8%
Waterloo, War and Peace Sergey Bondarchuk
8%
Vengeance Is Mine, The Eel, Pigs and Battleships Shōhei Imamura
8%
Hang 'em High, The Baby Ted Post
8%
Liar Liar, Ace Ventura, Bruce Almighty Tom Shadyac
8%
Once Upon a Time In China, The Blade Tsui Hark
8%
El Sur, The Spirit of the Beehive Víctor Erice
8%
He Who Gets Slapped, The Phantom Carriage Victor Sjöström
8%
Central Station, The Motorcycle Diaries Walter Salles
8%
Raise the Red Lantern, Hero Zhang Yimou
8%
Scum, Made in Britain, The Firm Alan Clarke
4%
The Jazz Singer Alan Crosland
4%
Pygmalion, The Importance of Being Earnest Anthony Asquith
4%
The League of Gentlemen, Victim Basil Dearden
4%
Kill List, Free Fire Ben Wheatley
4%
Deep Cover, A Rage in Harlem Bill Duke
4%
The Thing from Another World, Operation C.I.A. Christian Nyby
4%
3:10 to Yuma, Broken Arrow Delmer Daves
4%
Il Sorpasso, Scent of a Woman Dino Risi
4%
The Working Class Goes to Heaven, Todo Modo Elio Petri
4%
The Inglorious Bastards, Keoma Enzo G. Castellari
4%
The Moment of Truth, Christ Stopped At Eboli Francesco Rosi
4%
Tombstone, Cobra, Rambo George P. Cosmatos
4%
Koyaanisqatsi Godfrey Reggio
4%
Them, The Detective Gordon Douglas
4%
Shaft, The Learning Tree Gordon Parks
4%
True Grit, Kiss of Death, Niagara Henry Hathaway
4%
Intimate Lighting, Cutter's Way Ivan Passer
4%
Creature from the Black Lagoon, Tarantula Jack Arnold
4%
The Panic in Needle Park, Scarecrow Jerry Schatzberg
4%
Deep End, EO, Le Depart Jerzy Skolimowski
4%
The Taking of Pelham One Two Three, White Lightning Joseph Sargent
4%
Pépé Le Moko, Panique, Flesh and Fantasy Julien Duvivier
4%
Onibaba, Kuroneko, The Naked Island Kaneto Shindō
4%
Saturday Night Sunday Morning, The Gambler Karel Reisz
4%
Akira Katsuhiro Otomo
4%
Shogun Assassin, The Tale of Zatoichi Kenji Misumi
4%
The Sword of Doom, Kill!, Fort Graveyard Kihachi Okamoto
4%
Battle Royale, Virus, Black Lizard Kinji Fukasaku
4%
The Burmese Harp, Fires on the Plain Kon Ichikawa
4%
Body Heat, The Big Chill Lawrence Kasdan
4%
Love & Anarchy, Seven Beauties Lina Wertmüller
4%
Zombie Flesh Eaters, Don't Torture a Duckling Lucio Fulci
4%
The Executioner, Welcome Mr. Marshall! Luis Garcia Berlanga
4%
The Organiser, Big Deal on Madonna Street Mario Monicelli
4%
On Golden Pond Mark Rydell
4%
Pale Flower, Double Suicide, Himiko Masahiro Shinoda
4%
Little Caesar, Quo Vadis, Gold Diggers of 1933 Mervyn LeRoy
4%
Death Wish, The Sentinel Michael Winner
4%
The Church, Cemetery Man Michele Soavi
4%
The Cranes Are Flying, I Am Cuba Mikhail Kalatozov
4%
The Red and the White, The Round-Up Miklós Jancsó
4%
The Seventh Voyage of Sinbad, The Deadly Mantis Nathan Juran
4%
Within Our Gates, Body and Soul Oscar Micheaux
4%
Black Girl, Ceddo, Mandabi Ousmane Sembène
4%
Punishment Park, The War Game Peter Watkins
4%
Body Count, Cannibal Holocaust Ruggero Deodato
4%
Wheels on Meals, Eastern Condors Sammo Hung
4%
Tokyo Drifter, Branded to Kill, Gate of Flesh Seijun Suzuki
4%
Django, The Great Silence, Navajo Joe Sergio Corbucci
4%
Bullet Ballet, Tetsuo: The Iron Man Shinya Tsukamoto
4%
Love Exposure, Suicide Club Sion Sono
4%
Cool Hand Luke, The Amityville Horror Stuart Rosenberg
4%
First Blood, Wake In Fright Ted Kotcheff
4%
The Hound of Baskervilles, The Mummy Terence Fisher
4%
Goodbye Dragon Inn, Rebels of the Neon God Tsai Ming-Liang
4%
Cannibal Ferox, Syndicate Sadists Umberto Lenzi
4%
Daisies, Traps Věra Chytilová
4%
Mommy, I Killed My Mother Xavier Dolan
4%
See No Evil Hear No Evil, The In-Laws Arthur Hiller
0%
Ride Lonesome, The Tall T, Budd Boetticher
0%
Touki Bouki, Hyenas Djibril Diop Mambéty
0%
Jason and the Argonauts, Charley-One-Eye Don Chaffey
0%
Detour, The Black Cat Edgar G. Ulmer
0%
King Kong, The Most Dangerous Game Ernest B. Schoedsack
0%
Quadrophenia Franc Roddam
0%
The Vanishing, Dark Blood George Sluizer
0%
My Man Godfrey, Stage Door Gregory La Cava
0%
The Forty-First, Ballad of a Soldier Grigoriy Chukhray
0%
Pixote, Carandiru Héctor Babenco
0%
Three Outlaw Samurai, Goyokin Hideo Gosha
0%
Dark Water, Ringu Hideo Nakata
0%
The Samurai Trilogy, 47 Ronin Hiroshi Inagaki
0%
Mr. Thank You, Ornamental Hairpin Hiroshi Shimizu
0%
Trouble Man, The Spook Who Sat By the Door Ivan Dixon
0%
Valerie and Her Week of Wonders, The Joke Jaromil Jireš
0%
Betty Blue, Diva Jean-Jacques Beineix
0%
Platform, A Touch of Sin, Still Life Jia Zhangke
0%
Brighton Rock, The Family Way, The Magic Box John Boulting
0%
The Proposition, The Road John Hillcoat
0%
Hamburger Hill, The Dogs of War John Irvin
0%
Journey to the Beginning of Time, Baron Munchausen Karel Zeman
0%
Twenty Four Eyes, The Ballad of Narayama Keisuke Kinoshita
0%
I Saw the Devil, A Bittersweet Life Kim Jee-woon
0%
The Ascent, Wings, You and Me Larisa Shepitko
0%
Burning, Oasis, Secret Sunshine Lee Chang-dong
0%
Zorba the Greek Mihalis Kakogiannis
0%
Dog Soldiers, The Descent Neil Marshall
0%
House, His Motorbike Her Island Nobuhiko Obayashi
0%
Jiguko, The Ghost of Yotsuya Nobuo Nakagawa
0%
Eating Raoul, Death Race 2000 Paul Bartel
0%
The Italian Job, Fright Peter Collinson
0%
Purple Noon, Is Paris Burning?, Joy House René Clément
0%
The Spiral Staircase, The Killers Robert Siodmak
0%
The Horse's Mouth, The Poseidon Adventure Ronald Neame
0%
The Pot Worth a Million Ryo Sadao Yamanaka
0%
The Ipcress File, The Entity, The Appaloosa Sidney J. Furie
0%
Gate of Hell, A Page of Madness Teinosuke Kinugasa
0%
Funeral Parade of Roses, Demons Toshio Matsumoto
0%
White Zombie, Supernatural, Torture Ship Victor Halperin
0%
Eros + Massacre, Heroic Purgatory Yoshishige Yoshida
0%
Cairo Station, The Land Youssef Chahine
0%
No matching quizzes found
Score Distribution
Percent of People with Each Score
Percentile by Number Answered
Your Score History
You have not taken this quiz